Prehľad odvodov poistného pre vybrané kategórie poistencov

Okrem každoročnej úpravy poistného plateného do zdravotných poisťovní a Sociálnej poisťovne z dôvodu medziročnej zmeny priemernej mzdy v hospodárstve SR, od 1. januára 2025 vstupujú do platnosti mnohé významné legislatívne zmeny, vrátane zmien týkajúcich sa oblasti sociálnych a zdravotných odvodov....

Description complète

Enregistré dans:
Détails bibliographiques
Auteur principal: Dobšovič, Dušan
Format: Chapitre de livre
Langue:slovaque
Sujets:
Tags: Ajouter un tag
Pas de tags, Soyez le premier à ajouter un tag!

MARC

LEADER 00000naa a2200000 4500
001 0307370
005 20250228083620.5
041 0 |a slo 
044 |a SK 
245 1 0 |a Prehľad odvodov poistného pre vybrané kategórie poistencov  |c Dušan Dobšovič 
520 |a Okrem každoročnej úpravy poistného plateného do zdravotných poisťovní a Sociálnej poisťovne z dôvodu medziročnej zmeny priemernej mzdy v hospodárstve SR, od 1. januára 2025 vstupujú do platnosti mnohé významné legislatívne zmeny, vrátane zmien týkajúcich sa oblasti sociálnych a zdravotných odvodov. Hlavnou zmenou vyplývajúcou z novely zákona o sociálnom poistení (schválenej v rámci tzv. konsolidačného balíčka) je zvýšenie hranice maximálneho mesačného vymeriavacieho základu pre platby poistného na sociálne poistenie. 
610 2 0 |a odvody 
610 2 0 |a poistné 
610 2 0 |a poistenci 
610 2 0 |a poistenie sociálne 
610 2 0 |a základ vymeriavací 
610 2 0 |a legislatíva 
610 2 0 |a novelizácia 
100 1 |a Dobšovič, Dušan